00623 2200241 4500001002100000005001700021008004100038035002400079082001300103090002000116100002100136245002700157250001100184260004400195300002500239500003100264650002000295850001500315980001500330985000600345999001500351999001500366YOGYA-0209000002593620090227024017.0 ind  0010-020900000025936 a614.5993 a614.5993bPas A aPASUHUK, Willy F aAidscWilly F. Pasuhuk aCet. 1 a[s.l]bIndonesia Publishing Housec1988 a134 hlmbilusc20 cm aBibliografi : hlm. 132-134 aAids (penyakit) aYOPDYOG(B) a19-12-2006 a2 a06A0018535 a06A0018536